A DICTIONARY OF LEGAL QUOTATIONS (Record no. 10726)

MARC details
000 -LEADER
fixed length control field 00375nam a22001577a 4500
003 - CONTROL NUMBER IDENTIFIER
control field OSt
005 - DATE AND TIME OF LATEST TRANSACTION
control field 20211008103707.0
008 - FIXED-LENGTH DATA ELEMENTS--GENERAL INFORMATION
fixed length control field 211008b |||||||| |||| 00| 0 eng d
020 ## - INTERNATIONAL STANDARD BOOK NUMBER
International Standard Book Number 9788175340053
040 ## - CATALOGING SOURCE
Transcribing agency HU340/
082 ## - DEWEY DECIMAL CLASSIFICATION NUMBER
Classification number 340/DIC
245 ## - TITLE STATEMENT
Title A DICTIONARY OF LEGAL QUOTATIONS
260 ## - PUBLICATION, DISTRIBUTION, ETC.
Place of publication, distribution, etc. NEW DELHI
Name of publisher, distributor, etc. Universal
Date of publication, distribution, etc. 1987
300 ## - PHYSICAL DESCRIPTION
Extent 209p.
942 ## - ADDED ENTRY ELEMENTS (KOHA)
Source of classification or shelving scheme Dewey Decimal Classification
Koha item type Books like text book referance book
Suppress in OPAC No
Holdings
Withdrawn status Lost status Source of classification or shelving scheme Damaged status Not for loan Home library Current library Shelving location Date acquired Total Checkouts Full call number Barcode Date last seen Copy number Price effective from Koha item type
    Dewey Decimal Classification     Natural & Computational Science Library Natural & Computational Science Library General Stacks 10/08/2021   340/DIC NSCLIB000017942 10/08/2021 1 10/08/2021 Books like text book referance book
    Dewey Decimal Classification     Natural & Computational Science Library Natural & Computational Science Library General Stacks 10/08/2021   340/DIC NSCLIB000017943 10/08/2021 2 10/08/2021 Books like text book referance book
    Dewey Decimal Classification     Natural & Computational Science Library Natural & Computational Science Library General Stacks 10/08/2021   340/DIC NSCLIB000017944 10/08/2021 3 10/08/2021 Books like text book referance book
    Dewey Decimal Classification     Natural & Computational Science Library Natural & Computational Science Library General Stacks 10/08/2021   340/DIC NSCLIB000017945 10/08/2021 4 10/08/2021 Books like text book referance book
    Dewey Decimal Classification     Natural & Computational Science Library Natural & Computational Science Library General Stacks 10/08/2021   340/DIC NSCLIB000017946 10/08/2021 5 10/08/2021 Books like text book referance book